003970000a22001930004500650001200000650001200012651001000024650001100034082002000045530000600065100002000071245003100091260002700122260001400149041000800163300000900171942000800180999001500188 aLegends aStories aNepal aDoteli aN398.203bB839d aM aBasudev Bhaisav aDoteli kos; lokokti khanda aBaitadibLekhak svayam c2051 B.S. aNep a48p. cGEN c8701d8701